000 00688nam a2200265 i 4500
001 C2-0009201
003 PPAK
005 20190630221854.0
008 970128s1993 my a|||| ||||| | may d
020 _a9679569209
040 _aPPAK
_beng
_cPPAK
_erda
082 0 4 _a597.9
_223
090 0 0 _a597.9
_bBAI
_dRK
100 1 _aBailey, Donna,
_eauthor
245 1 0 _aReptilia
264 1 _aPetaling Jaya, Selangor :
_bPan Earth ,
_c1993
300 _a48 pages :
_bcolour illustrations ;
_c25 cm
336 _2rdacontent
_atext
337 _2rdamedia
_aunmediated
338 _2rdacarrier
_avolume
490 1 _aIlmu Awal
650 1 0 _aReptiles
830 0 _aIlmu Awal
942 _ddc
_cB
999 _c2297
_d2297